MDQL
is popping MORE tags! Check the
thread
!
Quizzes
Events
Quiz Creation
Community
Videos
Private Events
Remove Ads
Sign In
Join for FREE
Feedback
Dark Mode
Quiz Categories
Sports
Geography
Music
Movies
Television
Just For Fun
Miscellaneous
History
Literature
Language
Science
Gaming
Entertainment
Religion
Holiday
For Kids
Quiz Lab
Recent
Popular Today
Quiz Kudos Today
Editor Picks
Curator Picks
Quizzes by...
Day
Popularity
Type
Ratings
Length
Year
Community
Subscriptions
Recent Discussions
Orange Saloon
Badges
Playlists
Quests
Create
Leaderboards
Showdown
Live 5
Trivia Bingo
Activity
Puzzle Library
Sporcle Events
Private Events
Virtual Trivia
Globe League
Become a Host
Pub Owners
SporcleCon
Opinionation
Our Games
Videos
Blog
Mobile Apps
Partnerships
Remove Ads and Go Orange
Feedback
Television
TV Characters
TV Show
Sitcom
Network
Friends
Reality Shows
Cast
South Park
Star Trek
The Simpsons
Doctor Who
Television
TV Characters
TV Show
Sitcom
Network
Friends
Reality Shows
Cast
South Park
Star Trek
The Simpsons
Doctor Who
Random Quiz
Search Sporcle
×
Quiz Lab
Quiz Lab
Television
Character
Type in answers that appear in a list
Type in answers that appear in a list
Classic
Best Score? Go Orange.
Every Glee Character! Stats
Can you name the Every Glee Character!?
By
Joee323
7m
38 Questions
2,829 Plays
2,829 Plays
2,829 Plays
Comments
Comments
Give Quiz Kudos
Give Quiz Kudos
-
- Ratings
hide this ad
Replay
Link that replays current quiz
Next Quiz
Link to next quiz in quiz playlist
You Got
0%
They Got
Avg Score
38%
Avg Friend Score
Upgrade to see
Score Distribution
Jump to the score distribution portion of the page
Score
0/38
Timer
07:00
0
Plays Today
% Correct
Rachel Berry
94.1%
Finn Hudson
91.1%
Quinn Fabray
77.7%
Kurt Hummel
76.6%
Sue Sylvester
76.5%
Noah Puckerman
73.1%
Brittany
72.7%
Will Schuester
71.5%
Mercedes Jones
71.4%
Santana Lopez
71.1%
Mike Chang
69.9%
Tina Cohen-Chang
66.5%
Emma Pillsbury
64.2%
Artie Abrams
63.1%
Terri Schuester
59.2%
Principal Figgins
46.5%
Burt Hummel
42%
Matt Rutherford
40.3%
Ken Tanaka
39.3%
% Correct
Sandy Ryerson
27.3%
April Rhodes
26.8%
Carole Hudson
24.9%
Becky Jackson
20.6%
Jacob Ben Israel
18%
Dave Karofsky
17.2%
Howard Bamboo
13.2%
Azimio
8.9%
Rod Remington
6.5%
Suzy Pepper
6.3%
Brad
6.2%
Kendra Giardi
5.4%
Grace Hitchens
3%
Dr. Wu
3%
Phil Giardi
2.7%
Andrea Carmichael
2.5%
Dalton Rumba
2.3%
Eve
2%
Giardi triplets
1.9%
Quiz Playlist
Details
Report
Send in Message
Add To Playlist
Classic:
Type in answers that appear in a list
Last Updated: Feb 16, 2017
Quiz Scoreboard
CHALLENGE
Sign Up to Join the Scoreboard
Show All
Scores
Hide
Comments
May contain spoilers
Recently Published
Holiday 10x10 Sorting Gallery
by lukepisani3
Holiday
15m
Two Season TV Shows II
by 123Four
Television
10m
Image Sorting: Flags VI
by Barbecue
Geography
2m
More to Explore
Quiz From the Vault
Featured Blog Post
14 Easter Pick-up Lines to Find Eggs With
hide this ad
You Might Also Like...
Tags
Character
Glee
Today's Top Quizzes in Television
Browse Television
hide this ad
Today's Top Quizzes in Character
Browse Character
Top Contributed Quizzes in Television
1
Survivor Journey Challenge
2
Even More Two Season TV Shows
3
Adjectives in 00s TV Shows
4
Even More Three Season TV Shows
5
Survivor Logic Puzzle: Heroes vs. Villains
6
Adjectives in 10s TV Shows
7
One Season TV Shows
8
One Piece Logic Puzzle
9
Brooklyn Nine Nine Logic Puzzle (How-To-Play)
10
Click the SpongeBob Episodes (Season 3)
Explore More
Trending Topics
Marvel
Disney
NBA
Anime
Crossword
Harry Potter
Kpop
Country
NFL
Soccer
WWE
The Office
Song
Pokémon
Puzzle
hide this ad
More By:
Joee323
Quiz
Plays
Rating
Category
Featured
Created
Every Glee Character!
2,829
2.00
Television
Mar 29, 2010
Glee Club Members
2,130
1.38
Television
Mar 23, 2010
Name Of Episodes In Glee (First Series)
2,011
2.22
Television
Mar 2, 2010
Eurovision Winners (Countries)
1,177
2.00
Just For Fun
Mar 23, 2010
Every Glee Song
603
Television
Apr 3, 2010
Go to Creator's Profile
Score Distribution
Quiz Creator Spotlight
Joee323
Follow
Send a Message
Quizzes Created
-
Created Quiz Play Count
-
More By This Creator
Popular Quizzes Today
1
Find the US States - No Outlines Minefield
2
Colored Red Africa Blitz
3
Find the 'City' Movie
4
The Countries of the World
5
Find the US States
6
5x2 Blitz: Bands
7
Find the Countries of Europe - No Outlines Minefield
8
US States
More Television Quizzes
Bluey Family Tree
Quiz Lab
Trending Quizzes
Colored Red Europe Blitz I
Colored Red Europe Blitz II
Colored Red Africa Blitz II
Colored Red Europe Blitz III
Colored Red Africa Blitz III
Recently Updated
Odd Team Out - Big 4 Players
pecheneg
Quick Pick: 20 Twenties
pecheneg
March Madness Men's Triple Doubles
pecheneg
How Do You Spell That?
pecheneg
Godzilla Movies
pecheneg
Grab Bag: 4-10 Letters
pecheneg
2024 March Madness Bracket
pecheneg
Famous TV Couples
Peacemaker
Champions League XIs: Real Madrid
pecheneg
Largest US Cities 1790-2010
pecheneg
Trending Topics
Marvel
Harry Potter
Anime
Crossword
NBA
Kpop
Disney
Puzzle
Song
Country
The Office
Soccer
NFL
Pokémon
WWE
Your Account Isn't Verified!
In order to create a playlist on Sporcle, you need to verify the email address you used during registration. Go to your
Sporcle Settings
to finish the process.
Report this User
Report this user for behavior that violates our
Community Guidelines
.
Details:
Send Report
Go to the Sporcle.com Mobile Site →
Comments